| 000 | 00657nam a2200229 a 4500 | ||
|---|---|---|---|
| 001 | 56718 | ||
| 003 | BD-RjUL | ||
| 005 | 20211209080427.0 | ||
| 008 | 161203s19751947nyu||||| |||| 00| 0 eng d | ||
| 020 | _a0846217333 | ||
| 035 | _a(BD-RjUL)56842 | ||
| 040 |
_aBD-RjUL _beng _cBD-RjUL _dBD-RjUL |
||
| 041 | _aeng | ||
| 082 |
_223 _a115 _bHAW 1975 |
||
| 100 |
_a Hammerschmidt, William W. _9168678 |
||
| 245 | 1 | 0 |
_aWhitehead's philosophy of time / _cWilliam W Hammerschmidt. |
| 260 |
_aNew York : _bRussell & Russell, _cc1947 [reprinted 1975] |
||
| 300 |
_a108 p. ; _c22 cm. |
||
| 504 | _aIncludes Bibliography. | ||
| 650 |
_aTime. _9168679 |
||
| 942 |
_2ddc _cBK |
||
| 999 |
_c56718 _d56718 |
||